| 000 | 01225nam a22002777a 4500 | ||
|---|---|---|---|
| 999 |
_c120137 _d120137 |
||
| 003 | dpl | ||
| 005 | 20190119115305.0 | ||
| 008 | 190119b ||||| |||| 00| 0 eng d | ||
| 010 | _aB-198898 | ||
| 020 |
_c300.00 _a8190140523 |
||
| 035 | _aB-198898, B-198923 | ||
| 037 | _bCen Lib/Ret | ||
| 040 |
_aDPL _bHN _c0 |
||
| 082 |
_a821 _bअग्रवा |
||
| 100 |
_aअग्रवाल, संतोष _988709 |
||
| 245 |
_aमैंने काब? / _cसंतोष अग्रवाल |
||
| 246 |
_aMaine kab? / _bby Santosh Agarwal |
||
| 260 |
_aदिल्ली _bअग्रदीप पब्लिशर्स _c2006 |
||
| 270 |
_bबी-5/517, एकता विहार, सी.जी.एच.एस.लिमिटेड, 9, इन्द्रप्रस्थ एक्सटेंशन मार्ग _aदिल्ली _e110092 |
||
| 300 |
_ax,125पृ. : _c20सेमी(सजिल्द) _bसचित्र |
||
| 650 |
_aहिन्दी -- साहित्य _988710 |
||
| 650 |
_aहिन्दी -- काव्य _9779 |
||
| 650 |
_aHindi literature _988711 |
||
| 650 |
_aHindi - Poetry _988712 |
||
| 942 |
_2ddc _cHN _h821 _mअग्रवा |
||